banner koha

Mangabeira (Hancornia speciosa). Sistema de Produção (Registro n. 295069)

MARC details
000 -LÍDER
campo de controle de tamanho fixo 01093nac a22003257a 4500
001 - NÚMERO DE CONTROLE
campo de controle BR0700352
003 - IDENTIFICADOR DO NÚMERO DE CONTROLE
campo de controle BR-BrBNA
005 - DATA E HORÁRIO DA ÚLTIMA TRANSAÇÃO
campo de controle 20240105123341.0
008 - CAMPO DE DADOS FIXOS--INFORMAÇÃO GERAL
campo de controle de tamanho fixo 230509b bl.|||m| |||| 00| 0 por d
040 ## - FONTE DA CATALOGAÇÃO
Instituição da catalogação original BR-BrBNA
Idioma da catalogação por
Instituição que transcreveu o registro Biblioteca Nacional de Agricultura
072 ## - CÓDIGO DE CATEGORIA DE ASSUNTO
Código de Categoria de Assunto F01; E16
090 ## - NÚMERO DE CHAMADA LOCAL
Número de chamada 1190 BR0700352
100 1# - ENTRADA PRINCIPAL--NOME PESSOAL
Nome pessoal Ferreira, E.G.
110 1# - ENTRADA PRINCIPAL--NOME CORPORATIVO
Nome corporativo ou nome da jurisdição Empresa Estadual de Pesquisa Agropecuária da Paraíba S.A., João Pessoa, PB (Brasil)
245 1# - TÍTULO
Título Mangabeira (Hancornia speciosa). Sistema de Produção
260 3# - PUBLICAÇÃO, DISTRIBUIÇÃO, ETC.
Local de publicação, distribuição, etc. João Pessoa, PB (Brasil):
Data da publicação, distribuição, etc. 2006.
300 ## - DESCRIÇÃO FÍSICA
Extensão 40 p.
490 ## - TÍTULO DA SÉRIE
Título da série Documentos - Empresa Estadual de Pesquisa Agropecuária da Paraíba S.A. (Brazil)
Número do volume ou designação sequencial da série no. 53
ISSN - International Standard Serial Number ISSN 0102-0919
500 ## - NOTA GERAL
Nota geral 11 ref.; 5 tables; 43 illus.
650 ## - ASSUNTO--TERMO TÓPICO
Cabeçalho tópico ou nome geográfico MANGABA
650 ## - ASSUNTO--TERMO TÓPICO
Cabeçalho tópico ou nome geográfico HANCORNIA SPECIOSA
650 ## - ASSUNTO--TERMO TÓPICO
Cabeçalho tópico ou nome geográfico PRÁTICA CULTURAL
650 ## - ASSUNTO--TERMO TÓPICO
Cabeçalho tópico ou nome geográfico PRAGA DE PLANTA
650 ## - ASSUNTO--TERMO TÓPICO
Cabeçalho tópico ou nome geográfico DOENÇA DE PLANTA
650 ## - ASSUNTO--TERMO TÓPICO
Cabeçalho tópico ou nome geográfico ADUBAÇÃO
650 ## - ASSUNTO--TERMO TÓPICO
Cabeçalho tópico ou nome geográfico PROPAGAÇÃO VEGETATIVA
650 ## - ASSUNTO--TERMO TÓPICO
Cabeçalho tópico ou nome geográfico SISTEMA DE PRODUÇÃO
909 ## -
-- 202312
-- Lúcia Elande
-- 55
-- Lúcia Elande
942 ## - ELEMENTOS DE ENTRADA ADICIONADOS (KOHA)
Fonte da classificação ou esquema de arquivamento na estante Classificação AGRIS
Ocultar no OPAC Não
Tipo de material Koha Monografia Seriada
Exemplares
Situação do descarte Fonte da classificação ou esquema de arquivamento na estante Situação física Não pode ser emprestado Coleção Biblioteca de origem Biblioteca atual Localização na estante Total de empréstimos Número de telefone completo Código de barras Data de último acesso Tipo de material Koha Fonte de aquisição
  Classificação AGRIS       Biblioteca Nacional de Agricultura - Binagri Biblioteca Nacional de Agricultura - Binagri Agrobase - Acervo Geral   1190 BR0700352 1190 BR0700352 18/12/2023 Monografia Seriada Portaria Interministerial nº 164/94

BINAGRI

Telefone: (61)3218-2567/2388/3357/2097 - binagri@agro.gov.br

Ministério da Agricultura e Pecuária , Esplanada dos Ministérios, Bloco D, Anexo B, Brasília/DF, CEP: 70.043-900